<?xml version="1.0" encoding="UTF-8"?>
<record
    xmlns:xsi="http://www.w3.org/2001/XMLSchema-instance"
    xsi:schemaLocation="http://www.loc.gov/MARC21/slim http://www.loc.gov/standards/marcxml/schema/MARC21slim.xsd"
    xmlns="http://www.loc.gov/MARC21/slim">

  <leader>00571nam a2200217   4500</leader>
  <controlfield tag="005">20220912155950.0</controlfield>
  <controlfield tag="006">000</controlfield>
  <controlfield tag="007">000</controlfield>
  <controlfield tag="008">000</controlfield>
  <datafield tag="020" ind1=" " ind2=" ">
    <subfield code="a">9781118502143</subfield>
  </datafield>
  <datafield tag="040" ind1=" " ind2=" ">
    <subfield code="a">UOEL</subfield>
  </datafield>
  <datafield tag="050" ind1=" " ind2=" ">
    <subfield code="a">QB981</subfield>
    <subfield code="b">.L56 2015</subfield>
  </datafield>
  <datafield tag="100" ind1=" " ind2=" ">
    <subfield code="a">Liddle, Andrew</subfield>
  </datafield>
  <datafield tag="245" ind1=" " ind2=" ">
    <subfield code="a">An introduction to modern cosmology /</subfield>
    <subfield code="c">by Andrew Liddle</subfield>
  </datafield>
  <datafield tag="250" ind1=" " ind2=" ">
    <subfield code="a">3rd Edition</subfield>
  </datafield>
  <datafield tag="260" ind1=" " ind2=" ">
    <subfield code="a">India :</subfield>
    <subfield code="b">Lasewords private limited,</subfield>
    <subfield code="c">c2015.</subfield>
  </datafield>
  <datafield tag="300" ind1=" " ind2=" ">
    <subfield code="a">x, 182 p. :</subfield>
    <subfield code="b">ill.</subfield>
  </datafield>
  <datafield tag="500" ind1=" " ind2=" ">
    <subfield code="a">Includes bibliographical references and index</subfield>
  </datafield>
  <datafield tag="650" ind1=" " ind2=" ">
    <subfield code="a">Modern cosmology</subfield>
    <subfield code="x">Astronomy</subfield>
  </datafield>
  <datafield tag="942" ind1=" " ind2=" ">
    <subfield code="2">lcc</subfield>
    <subfield code="c">BK</subfield>
  </datafield>
  <datafield tag="999" ind1=" " ind2=" ">
    <subfield code="c">17473</subfield>
    <subfield code="d">17473</subfield>
  </datafield>
  <datafield tag="952" ind1=" " ind2=" ">
    <subfield code="0">0</subfield>
    <subfield code="1">0</subfield>
    <subfield code="2">lcc</subfield>
    <subfield code="4">0</subfield>
    <subfield code="7">0</subfield>
    <subfield code="a">UOE</subfield>
    <subfield code="b">UOE</subfield>
    <subfield code="c">SHO</subfield>
    <subfield code="d">2022-09-12</subfield>
    <subfield code="l">0</subfield>
    <subfield code="o">QB981 .L56 2015</subfield>
    <subfield code="p">20158685</subfield>
    <subfield code="r">2026-04-27 09:30:20</subfield>
    <subfield code="t">20158685</subfield>
    <subfield code="w">2022-09-12</subfield>
    <subfield code="y">SL2</subfield>
  </datafield>
  <datafield tag="952" ind1=" " ind2=" ">
    <subfield code="0">0</subfield>
    <subfield code="1">0</subfield>
    <subfield code="2">lcc</subfield>
    <subfield code="4">0</subfield>
    <subfield code="7">0</subfield>
    <subfield code="a">UOE</subfield>
    <subfield code="b">UOE</subfield>
    <subfield code="c">GEN</subfield>
    <subfield code="d">2022-09-12</subfield>
    <subfield code="l">0</subfield>
    <subfield code="o">QB981 .L56 2015</subfield>
    <subfield code="p">20158686</subfield>
    <subfield code="r">2026-04-27 12:00:23</subfield>
    <subfield code="t">20158686</subfield>
    <subfield code="w">2022-09-12</subfield>
    <subfield code="y">LL</subfield>
  </datafield>
  <datafield tag="952" ind1=" " ind2=" ">
    <subfield code="0">0</subfield>
    <subfield code="1">0</subfield>
    <subfield code="2">lcc</subfield>
    <subfield code="4">0</subfield>
    <subfield code="7">0</subfield>
    <subfield code="a">UOE</subfield>
    <subfield code="b">UOE</subfield>
    <subfield code="c">GEN</subfield>
    <subfield code="d">2022-09-12</subfield>
    <subfield code="l">0</subfield>
    <subfield code="o">QB981 .L56 2015</subfield>
    <subfield code="p">20158687</subfield>
    <subfield code="r">2026-04-27 12:00:24</subfield>
    <subfield code="t">20158687</subfield>
    <subfield code="w">2022-09-12</subfield>
    <subfield code="y">LL</subfield>
  </datafield>
  <datafield tag="952" ind1=" " ind2=" ">
    <subfield code="0">0</subfield>
    <subfield code="1">0</subfield>
    <subfield code="2">lcc</subfield>
    <subfield code="4">0</subfield>
    <subfield code="7">0</subfield>
    <subfield code="a">TC</subfield>
    <subfield code="b">TC</subfield>
    <subfield code="c">GEN</subfield>
    <subfield code="d">2022-09-16</subfield>
    <subfield code="e">purchasing</subfield>
    <subfield code="g">4205.00</subfield>
    <subfield code="l">0</subfield>
    <subfield code="o">QB981 .L56 2015</subfield>
    <subfield code="p">20158683</subfield>
    <subfield code="r">2022-09-16 00:00:00</subfield>
    <subfield code="t">20158683</subfield>
    <subfield code="w">2022-09-16</subfield>
    <subfield code="y">LL</subfield>
  </datafield>
  <datafield tag="952" ind1=" " ind2=" ">
    <subfield code="0">0</subfield>
    <subfield code="1">0</subfield>
    <subfield code="2">lcc</subfield>
    <subfield code="4">0</subfield>
    <subfield code="7">0</subfield>
    <subfield code="a">TC</subfield>
    <subfield code="b">TC</subfield>
    <subfield code="c">GEN</subfield>
    <subfield code="d">2022-09-16</subfield>
    <subfield code="e">purchasing</subfield>
    <subfield code="g">4205.00</subfield>
    <subfield code="l">0</subfield>
    <subfield code="o">QB981 .L56 2015</subfield>
    <subfield code="p">20158684</subfield>
    <subfield code="r">2022-09-16 00:00:00</subfield>
    <subfield code="t">20158684</subfield>
    <subfield code="w">2022-09-16</subfield>
    <subfield code="y">LL</subfield>
  </datafield>
</record>
